Ideas económicas, políticas y morales : (Record no. 161055)

MARC details
000 -LEADER
campo de control de longitud fija 00880nam a2200193 i 4500
001 - NÚMERO DE CONTROL
campo de control 161055
003 - IDENTIFICADOR DE NÚMERO DE CONTROL
campo de control ES-MaACL
005 - FECHA Y HORA DE LA ÚLTIMA TRANSACCIÓN
campo de control 20230906212203.0
008 - DATOS DE LONGITUD FIJA--INFORMACIÓN GENERAL
campo de control de longitud fija 990604s1813 sp |||| | spa d
100 1# - ENTRADA PRINCIPAL--NOMBRE DE PERSONA
Nombre de persona Orense, Casimiro de.
9 (RLIN) 130682
245 10 - MENCIÓN DEL TÍTULO
Título Ideas económicas, políticas y morales :
Resto del título obra original publicada para felicidad de la monarquía española, e ilustración de todo español /
Mención de responsabilidad, etc. por Casimiro de Orense.
260 ## - PUBLICACIÓN, DISTRIBUCIÓN, ETC.
Lugar de publicación, distribución, etc. Cadiz :
Nombre del editor, distribuidor, etc. [s.n.],
Fecha de publicación, distribución, etc. 1813 (
Fabricante Imp. del Estado-Mayor-General)
300 ## - DESCRIPCIÓN FÍSICA
Extensión 56 p. ;
Dimensiones 20 cm.
530 ## - NOTA DISPONIBLE DE FORMULARIO FÍSICO ADICIONAL
Nota de formato físico adicional disponible Disponible en formato digital.
650 #4 - PUNTO DE ACCESO ADICIONAL DE MATERIA--TÉRMINO DE MATERIA
Término de materia o nombre geográfico como elemento de entrada Política-
Subdivisión geográfica España-
Subdivisión cronológica S.XIX.
9 (RLIN) 149874
650 #4 - PUNTO DE ACCESO ADICIONAL DE MATERIA--TÉRMINO DE MATERIA
Término de materia o nombre geográfico como elemento de entrada Liberalismo-
Subdivisión geográfica España-
Subdivisión cronológica S.XIX.
9 (RLIN) 14390
852 4# - LOCALIZACIÓN
Ubicación ES-MaACL
Número de control de estantería T-23-F-15
Nota libre - Enc. hol., falto de cub. original
-- - Enc. en un vol. facticio
856 4# - LOCALIZACIÓN Y ACCESO ELECTRÓNICOS
Identificador Uniforme de Recursos <a href="http://bdh-rd.bne.es/viewer.vm?id=0000088291&page=1 ">http://bdh-rd.bne.es/viewer.vm?id=0000088291&page=1 </a>
Nota pública Biblioteca Digital Hispánica
Holdings
Estatus retirado Estado de pérdida Estado de daño No para préstamo Colección Biblioteca de origen Biblioteca actual Ubicación en estantería Fecha de adquisición Total de préstamos Signatura topográfica completa Código de barras Visto por última vez Precio de reemplazo Tipo de ítem Koha
        Colección de folletos Biblioteca del Ateneo de Madrid Biblioteca del Ateneo de Madrid Depósito folletos 17/01/2008   T-23-F-15 1168691 23/02/2023 23/02/2023 Folleto